<?xml version="1.0" encoding="UTF-8"?>
<collection xmlns="http://www.loc.gov/MARC21/slim">
 <record>
  <leader>00870nam a2200169 a 4500</leader>
  <controlfield tag="001">1/54918</controlfield>
  <controlfield tag="008">220118n20##    fr            000 | fre d</controlfield>
  <datafield tag="020" ind1=" " ind2=" ">
   <subfield code="a">9782950935632</subfield>
  </datafield>
  <datafield tag="040" ind1=" " ind2=" ">
   <subfield code="a">GR-PeUP</subfield>
  </datafield>
  <datafield tag="082" ind1="0" ind2="0">
   <subfield code="a">304.609496 DEM</subfield>
  </datafield>
  <datafield tag="245" ind1="0" ind2="3">
   <subfield code="a">La demographie des Balkans :</subfield>
   <subfield code="b">sources et donnees : publication empruntant largement au matériau assemblé dans le cadre de la première séance de la conférence internationale &quot;Cinquante ans d'évolution démographique dans les Balkans&quot;, Thessalonique, 26-29 juin 1996.</subfield>
  </datafield>
  <datafield tag="260" ind1=" " ind2=" ">
   <subfield code="a">[χ.τ.] :</subfield>
   <subfield code="b">Association Internationale des Demographes de Langue Francaise,</subfield>
   <subfield code="c">[20--]</subfield>
  </datafield>
  <datafield tag="300" ind1=" " ind2=" ">
   <subfield code="a">203 σ. ;</subfield>
   <subfield code="c">23 εκ.</subfield>
  </datafield>
  <datafield tag="650" ind1=" " ind2="0">
   <subfield code="a">Demography</subfield>
   <subfield code="z">Balkan Peninsula.</subfield>
  </datafield>
  <datafield tag="650" ind1=" " ind2="4">
   <subfield code="a">Δημογραφία</subfield>
   <subfield code="z">Βαλκανική Χερσόνησος.</subfield>
  </datafield>
  <datafield tag="852" ind1=" " ind2=" ">
   <subfield code="a">INST</subfield>
   <subfield code="b">UNIPILB</subfield>
   <subfield code="c">MAIN</subfield>
   <subfield code="e">20220118</subfield>
   <subfield code="h">304.609496 DEM</subfield>
   <subfield code="p">00186893</subfield>
   <subfield code="q">00186893</subfield>
   <subfield code="t">LOAN</subfield>
   <subfield code="y">0</subfield>
   <subfield code="4">1</subfield>
  </datafield>
  <datafield tag="960" ind1=" " ind2=" ">
   <subfield code="a">ΜΑΡΙΑ ΒΕΛ</subfield>
  </datafield>
 </record>
</collection>
